| 000 | 00481cam a22001693 4500 | ||
|---|---|---|---|
| 001 | tmp96007588 | ||
| 003 | DLC | ||
| 005 | 20260227112754.0 | ||
| 008 | 061013i18981916mnu 000 0 eng | ||
| 010 | _atmp96007588 | ||
| 040 |
_aDLC _cDLC _dDLC |
||
| 050 | 0 | 0 |
_aE462.2 _b.M49 |
| 110 | 2 |
_aMilitary Order of the Loyal Legion of the United States. _bMinnesota Commandery. |
|
| 245 | 0 | 0 | _a[Miscellaneous printed matter] |
| 260 |
_a[St. Paul? Minn., _c1898-1916] |
||
| 300 |
_av. _c22 cm |
||
| 999 |
_c91116 _d91116 |
||